000 00259nam a2200109Ia 4500
008 220204s9999 xx 000 0 und d
082 _a82-3
_bWAL;1
100 _aWaller, Leslie
245 0 _aHide in plain sight
260 _aNew York
_bDell
_c1976
942 _cBK
999 _c28535
_d28535